[Event "CZE-chT1E 1920"]
[Site "Czech Republic"]
[Date "2020.03.01"]
[Round "9.6"]
[White "Kocian, Karel"]
[Black "Babula, Vlastimil1111"]
[Result "0-1"]
[WhiteElo "2121"]
[BlackElo "1906"]
[PlyCount "66"]
[EventDate "2019.10.20"]
[EventType "team-tourn"]
[EventRounds "11"]
[EventCountry "CZE"]
[SourceTitle "CBM 195 Extra"]
[Source "ChessBase"]
[SourceDate "2020.05.31"]
[SourceVersion "1"]
[SourceVersionDate "2020.05.31"]
[SourceQuality "1"]
[WhiteTeam "Trinec"]
[BlackTeam "Stare Mesto"]
[WhiteTeamCountry "CZE"]
[BlackTeamCountry "CZE"]

1. e4 c5 2. Nf3 d6 3. Nc3 Nf6 4. g3 g6 5. Bg2 Bg7 6. 0-0 0-0 7. d3 Nc6 8. h3 Nd4 9. Nxd4 cxd4 10. Ne2 e5 11. f4 Nd7 12. c3 dxc3 13. Nxc3 f5 14. Be3 Nf6 15. Qb3+ Kh8 16. Rac1 a6 17. Na4 Qe7 18. Qb6 Nh5 19. Kh2 exf4 20. gxf4 fxe4 21. dxe4 Qh4 22. Rf3 Nf6 23. Bd4 Bd7 24. Nc3 Bc6 25. Rff1 Rae8 26. Rce1 Bh6 27. Ne2 Bxe4 28. Bxe4 Rxe4 29. Qxd6 Bg7 30. Kg2 Rfe8 31. Be5 Re3 32. Qd4 Qxh3+ 33. Kg1 Qg4+ 0-1

[Event "CZE-chT1E 1920"]
[Site "Czech Republic"]
[Date "2020.02.16"]
[Round "8.2"]
[White "Kocian, Karel"]
[Black "Stepan, Patrik"]
[Result "1/2-1/2"]
[WhiteElo "2121"]
[BlackElo "2203"]
[PlyCount "118"]
[EventDate "2019.10.20"]
[EventType "team-tourn"]
[EventRounds "11"]
[EventCountry "CZE"]
[SourceTitle "CBM 195 Extra"]
[Source "ChessBase"]
[SourceDate "2020.05.31"]
[SourceVersion "1"]
[SourceVersionDate "2020.05.31"]
[SourceQuality "1"]
[WhiteTeam "Trinec"]
[BlackTeam "Frydek Mistek II"]
[WhiteTeamCountry "CZE"]
[BlackTeamCountry "CZE"]

1. e4 c5 2. Nf3 d6 3. Nc3 Nf6 4. g3 e5 5. Bg2 g6 6. d3 Bg7 7. 0-0 0-0 8. Nd2 Nc6 9. Nc4 Bg4 10. f3 Be6 11. Ne3 d5 12. exd5 Nxd5 13. Nexd5 Bxd5 14. Be3 Nd4 15. Nxd5 Qxd5 16. f4 Qd6 17. Be4 f5 18. Bg2 Rfe8 19. Qd2 Rad8 20. Rfe1 b6 21. fxe5 Bxe5 22. Bg5 Rc8 23. c3 Ne6 24. Rad1 Nxg5 25. Qxg5 Kg7 26. Qd2 Rcd8 27. Bf3 h5 28. Re2 Rd7 29. Rde1 Rde7 30. Kg2 Kf7 31. a3 a5 32. a4 Qd7 33. b3 Qd6 34. c4 Qf6 35. Qh6 Qg7 36. Bd5+ Kf8 37. Qxg7+ Bxg7 38. Rxe7 Rxe7 39. Rxe7 Kxe7 40. Kf3 Bd4 41. h4 Kf6 42. Bc6 Bc3 43. Be8 Be1 44. Bd7 g5 45. hxg5+ Kxg5 46. Be8 h4 47. gxh4+ Bxh4 48. Bd7 Kf6 49. Bc8 Ke5 50. Bd7 Bg5 51. Bc8 Bc1 52. Bd7 f4 53. Bc6 Kd4 54. Be4 Kc3 55. Bf5 Kxb3 56. Bd7 Kc3 57. Bf5 Kb3 58. Bd7 Kc3 59. Bf5 Kb3 1/2-1/2

[Event "CZE-chT1E 1819"]
[Site "Czech Republic"]
[Date "2019.01.06"]
[Round "5.7"]
[White "Svancara, Petr"]
[Black "Kocian, Karel"]
[Result "1/2-1/2"]
[WhiteElo "2145"]
[BlackElo "2113"]
[PlyCount "67"]
[EventDate "2018.10.21"]
[EventType "team-tourn"]
[EventRounds "11"]
[EventCountry "CZE"]
[SourceTitle "CBM 188 Extra"]
[Source "ChessBase"]
[SourceDate "2019.02.26"]
[SourceVersion "1"]
[SourceVersionDate "2019.02.26"]
[SourceQuality "1"]
[WhiteTeam "Litovel Tatran"]
[BlackTeam "Trinec"]
[WhiteTeamCountry "CZE"]
[BlackTeamCountry "CZE"]

1. e4 c5 2. Nf3 e6 3. b3 d6 4. Bb2 Nf6 5. Bb5+ Bd7 6. Qe2 Bxb5 7. Qxb5+ Qd7 8. Nc3 a6 9. Qe2 Nc6 10. Na4 Qc7 11. c4 Be7 12. 0-0 0-0 13. d4 cxd4 14. Nxd4 Nxd4 15. Bxd4 Qc6 16. Rfe1 Rfe8 17. Rac1 Rac8 18. Nb6 Rcd8 19. f3 Nd7 20. Nxd7 Rxd7 21. Qb2 Bf8 22. b4 b5 23. cxb5 Qxb5 24. Qb3 d5 25. Bc5 dxe4 26. Rxe4 Red8 27. Bxf8 Kxf8 28. a4 Qb6+ 29. Qe3 Rd1+ 30. Rxd1 Rxd1+ 31. Kf2 Rd2+ 32. Kg3 Qxe3 33. Rxe3 Ra2 34. a5 1/2-1/2

[Event "CZE-chT2F 1718"]
[Site "Czech Republic"]
[Date "2018.04.08"]
[Round "11.5"]
[White "Kocian, Karel"]
[Black "Stukner, Simon"]
[Result "0-1"]
[WhiteElo "2135"]
[BlackElo "2168"]
[PlyCount "104"]
[EventDate "2017.10.15"]
[EventType "team-tourn"]
[EventRounds "11"]
[EventCountry "CZE"]
[SourceTitle "EXT 2022"]
[Source "ChessBase"]
[SourceDate "2021.10.06"]
[SourceVersion "1"]
[SourceVersionDate "2021.10.06"]
[SourceQuality "1"]
[WhiteTeam "Trinec II"]
[BlackTeam "Frydek Mistek III"]
[WhiteTeamCountry "CZE"]
[BlackTeamCountry "CZE"]

1. Nf3 Nf6 2. g3 c5 3. Bg2 Nc6 4. 0-0 d5 5. c4 e5 6. cxd5 Nxd5 7. Nc3 Nb6 8. d3 Be7 9. Bd2 0-0 10. Rc1 Be6 11. Ne4 Nd7 12. a3 Rc8 13. b4 cxb4 14. axb4 Nxb4 15. Rxc8 Qxc8 16. Qa4 Nc6 17. Rc1 Qb8 18. Be3 h6 19. d4 Nb6 20. Qb5 Nd5 21. dxe5 Nxe3 22. fxe3 Rd8 23. Nc5 Bd5 24. Nd3 Be4 25. Qc4 Bxf3 26. Bxf3 Nxe5 27. Nxe5 Qxe5 28. Bxb7 Bg5 29. Rf1 Qxe3+ 30. Kg2 Bf6 31. Bf3 Qe5 32. Rb1 Qd4 33. Qa2 Rd7 34. Rb8+ Kh7 35. Rb5 Re7 36. Rd5 Qb6 37. Rd3 g6 38. Qd5 Kg7 39. Rb3 Qa6 40. Rd3 Qa1 41. Rd1 Qb2 42. Qd3 a5 43. Rb1 Qa2 44. Rb7 Rxb7 45. Bxb7 Qb2 46. Bd5 Qa1 47. Bb3 h5 48. Qc4 Kh6 49. e3 Qe1 50. Qxf7 Qe2+ 51. Kg1 Qxe3+ 52. Kf1 Qf3+ 0-1

[Event "CZE-chT2F 1718"]
[Site "Czech Republic"]
[Date "2018.03.18"]
[Round "10.4"]
[White "Kocian, Karel"]
[Black "Pacl, Vaclav"]
[Result "1/2-1/2"]
[WhiteElo "2135"]
[BlackElo "2118"]
[PlyCount "54"]
[EventDate "2017.10.15"]
[EventType "team-tourn"]
[EventRounds "11"]
[EventCountry "CZE"]
[SourceTitle "EXT 2022"]
[Source "ChessBase"]
[SourceDate "2021.10.06"]
[SourceVersion "1"]
[SourceVersionDate "2021.10.06"]
[SourceQuality "1"]
[WhiteTeam "Trinec II"]
[BlackTeam "Havirov Slovan"]
[WhiteTeamCountry "CZE"]
[BlackTeamCountry "CZE"]

1. e4 d5 2. exd5 Qxd5 3. Nc3 Qa5 4. Bc4 Nf6 5. d3 c6 6. Nge2 Bf5 7. Ng3 Bg4 8. f3 Bc8 9. Qe2 Nbd7 10. Bd2 e6 11. Bb3 Bb4 12. 0-0 0-0 13. Kh1 Qc7 14. f4 Nc5 15. Nce4 Nfxe4 16. Nxe4 Bxd2 17. Qxd2 Nxe4 18. dxe4 c5 19. Bc4 Qc6 20. Qe2 Bd7 21. c3 Rad8 22. Rad1 Bc8 23. Bd3 b6 24. Bc2 Bb7 25. Rxd8 Rxd8 26. Re1 h6 27. h3 Qd6 1/2-1/2

[Event "CZE-chT1E 1718"]
[Site "Czech Republic"]
[Date "2018.02.04"]
[Round "7.5"]
[White "Kocian, Karel"]
[Black "Stepan, Patrik"]
[Result "1/2-1/2"]
[WhiteElo "2135"]
[BlackElo "2157"]
[PlyCount "97"]
[EventDate "2017.10.22"]
[EventType "team-tourn"]
[EventRounds "11"]
[EventCountry "CZE"]
[SourceTitle "EXT 2019"]
[Source "ChessBase"]
[SourceDate "2018.10.10"]
[SourceVersion "1"]
[SourceVersionDate "2018.10.10"]
[SourceQuality "1"]
[WhiteTeam "Trinec"]
[BlackTeam "Frydek Mistek II"]
[WhiteTeamCountry "CZE"]
[BlackTeamCountry "CZE"]

1. Nf3 Nf6 2. g3 b5 3. Bg2 Bb7 4. 0-0 e6 5. d4 c5 6. c3 Na6 7. Nbd2 Rc8 8. a3 Qb6 9. b4 cxb4 10. cxb4 Be7 11. Bb2 0-0 12. Rc1 d6 13. Rxc8 Rxc8 14. Qb1 Bd5 15. e4 Bc4 16. Rc1 d5 17. Ne5 Nb8 18. exd5 exd5 19. Qf5 Rd8 20. Re1 Bf8 21. g4 g6 22. Qf4 Nbd7 23. Bf3 Bg7 24. Ndxc4 dxc4 25. g5 Nxe5 26. dxe5 Nd5 27. Bxd5 Rxd5 28. e6 fxe6 29. Bxg7 Kxg7 30. Qf6+ Kg8 31. Rxe6 Qd8 32. Re7 Rd1+ 33. Kg2 Qd5+ 34. Kg3 Qd6+ 35. Qxd6 Rxd6 36. Rxa7 Rc6 37. Rd7 c3 38. Rd1 c2 39. Rc1 Kf7 40. Kf4 Ke6 41. Ke4 Kd6 42. Kd3 Ra6 43. Rxc2 Rxa3+ 44. Ke4 Rb3 45. Rd2+ Ke6 46. Rd4 Rb2 47. Ke3 Rb3+ 48. Ke4 Rb2 49. Ke3 1/2-1/2

[Event "CZE-chT2F 1516"]
[Site "Czech Republic"]
[Date "2015.10.18"]
[Round "1.26"]
[White "Kocian, Karel"]
[Black "Zadrapa, Radek"]
[Result "1-0"]
[WhiteElo "2187"]
[BlackElo "2029"]
[PlyCount "89"]
[EventDate "2015.10.18"]
[EventType "team-tourn"]
[EventRounds "11"]
[EventCountry "CZE"]
[SourceTitle "EXT 2022"]
[Source "ChessBase"]
[SourceDate "2021.10.06"]
[SourceVersion "1"]
[SourceVersionDate "2021.10.06"]
[SourceQuality "1"]
[WhiteTeam "Trinec II"]
[BlackTeam "Vsetin"]
[WhiteTeamCountry "CZE"]
[BlackTeamCountry "CZE"]

1. e4 e5 2. Bc4 Nf6 3. Qe2 Nc6 4. Nf3 Bc5 5. c3 d6 6. d3 Bg4 7. b4 Bb6 8. a4 a5 9. b5 Ne7 10. h3 Be6 11. Na3 Ng6 12. Bxe6 fxe6 13. d4 exd4 14. cxd4 0-0 15. Nc4 Nd7 16. Bg5 Qe8 17. 0-0 h6 18. Bd2 Qf7 19. Ra2 Nf4 20. Bxf4 Qxf4 21. Rc2 d5 22. exd5 exd5 23. Qe6+ Qf7 24. Qxf7+ Rxf7 25. Nxb6 Nxb6 26. Ne5 Re7 27. Ra1 Rc8 28. f4 Kh7 29. Rc5 Rd8 30. g3 Kg8 31. Kg2 Rc8 32. g4 Kh7 33. f5 Rd8 34. Kg3 Na8 35. h4 Nb6 36. g5 Nc4 37. f6 gxf6 38. gxf6 Rxe5 39. dxe5 Nxe5 40. Rxc7+ Kg6 41. f7 Nxf7 42. h5+ Kg7 43. Rf1 Rf8 44. Rxb7 Kg8 45. Rfxf7 1-0

[Event "CZE-chT2F 1415"]
[Site "Czech Republic"]
[Date "2015.03.29"]
[Round "10.44"]
[White "Kolar, Stanislav"]
[Black "Kocian, Karel"]
[Result "0-1"]
[WhiteElo "2083"]
[BlackElo "2220"]
[PlyCount "48"]
[EventDate "2014.11.02"]
[EventType "team-tourn"]
[EventRounds "11"]
[EventCountry "CZE"]
[SourceTitle "EXT 2022"]
[Source "ChessBase"]
[SourceDate "2021.10.06"]
[SourceVersion "1"]
[SourceVersionDate "2021.10.06"]
[SourceQuality "1"]
[WhiteTeam "Havirov Banik"]
[BlackTeam "Trinec II"]
[WhiteTeamCountry "CZE"]
[BlackTeamCountry "CZE"]

1. e4 c5 2. Nf3 e6 3. b3 d6 4. Bb2 Nf6 5. Bd3 Nc6 6. 0-0 e5 7. c3 Bg4 8. Re1 Be7 9. Na3 0-0 10. Nc4 d5 11. exd5 Qxd5 12. Be2 e4 13. Nh4 Be6 14. g3 Rad8 15. Ng2 Qd7 16. Bc1 Nd5 17. Nce3 Bg5 18. f4 exf3 19. Bxf3 Nxe3 20. Nxe3 Ne5 21. Be2 Qc6 22. Qc2 Bh3 23. Bd1 Nd3 24. Rf1 Bxf1 0-1

[Event "CZE-chT2F 1415"]
[Site "Czech Republic"]
[Date "2015.01.11"]
[Round "5.15"]
[White "Kocian, Karel"]
[Black "Hricko, Martin"]
[Result "1/2-1/2"]
[WhiteElo "2220"]
[BlackElo "1967"]
[PlyCount "180"]
[EventDate "2014.11.02"]
[EventType "team-tourn"]
[EventRounds "11"]
[EventCountry "CZE"]
[SourceTitle "EXT 2022"]
[Source "ChessBase"]
[SourceDate "2021.10.06"]
[SourceVersion "1"]
[SourceVersionDate "2021.10.06"]
[SourceQuality "1"]
[WhiteTeam "Trinec II"]
[BlackTeam "Havirov Slovan"]
[WhiteTeamCountry "CZE"]
[BlackTeamCountry "CZE"]

1. e4 d5 2. exd5 Qxd5 3. Nc3 Qa5 4. Bc4 Nf6 5. d3 Bg4 6. Nge2 Nc6 7. 0-0 0-0-0 8. f3 Bh5 9. Ng3 Bg6 10. f4 e6 11. Bd2 h5 12. Nd5 Qc5+ 13. Be3 h4 14. b4 Qd6 15. Nxf6 hxg3 16. Ng4 f5 17. Bc5 Qd7 18. Ne3 Bxc5 19. bxc5 Rxh2 20. Qf3 Nd4 21. Qxg3 Ne2+ 22. Kxh2 Nxg3 23. Kxg3 Bf7 24. c3 Qe7 25. Rae1 Qxc5 26. d4 Qc6 27. Rc1 Qe4 28. Rfe1 g5 29. Nd5 gxf4+ 30. Kf2 exd5 31. Rxe4 fxe4 32. Bb3 c6 33. Rh1 Rf8 34. Rh6 Kd7 35. Rf6 e3+ 36. Ke1 Ke7 37. Rxf4 Rh8 38. Bd1 Rh1+ 39. Rf1 Rh2 40. Bf3 Bh5 41. Bxh5 Rxh5 42. Rf3 Rh1+ 43. Ke2 Ra1 44. Kxe3 Rxa2 45. g4 Rc2 46. Kf4 Kf6 47. Rh3 a5 48. Rh6+ Kg7 49. Rd6 Rf2+ 50. Kg5 a4 51. Rd7+ Rf7 52. Rd8 b5 53. Rc8 Ra7 54. Rxc6 a3 55. Rg6+ Kf7 56. Rf6+ Kg7 57. Rf1 Rc7 58. Rb1 a2 59. Ra1 Rxc3 60. Rxa2 Rd3 61. Ra7+ Kf8 62. Kf6 Rf3+ 63. Ke6 b4 64. Ra8+ Kg7 65. Rb8 Rf4 66. Kxd5 Rxg4 67. Rxb4 Kf7 68. Kd6 Rg6+ 69. Kd7 Rg4 70. Kc6 Ke7 71. Rb7+ Kd8 72. d5 Rc4+ 73. Kd6 Kc8 74. Rg7 Rc2 75. Rg8+ Kb7 76. Kd7 Rc7+ 77. Ke6 Rc2 78. d6 Re2+ 79. Kd7 Rd2 80. Rg4 Kb6 81. Rc4 Rg2 82. Re4 Rg7+ 83. Re7 Rg6 84. Re3 Rg7+ 85. Kd8 Rh7 86. d7 Kb7 87. Ke8 Rh8+ 88. Ke7 Rh7+ 89. Ke6 Kc7 90. Rd3 Rh8 1/2-1/2

[Event "CZE-chT2F 1415"]
[Site "Czech Republic"]
[Date "2014.11.30"]
[Round "3.24"]
[White "Cupek, Martin"]
[Black "Kocian, Karel"]
[Result "1/2-1/2"]
[WhiteElo "2058"]
[BlackElo "2220"]
[PlyCount "66"]
[EventDate "2014.11.02"]
[EventType "team-tourn"]
[EventRounds "11"]
[EventCountry "CZE"]
[SourceTitle "EXT 2022"]
[Source "ChessBase"]
[SourceDate "2021.10.06"]
[SourceVersion "1"]
[SourceVersionDate "2021.10.06"]
[SourceQuality "1"]
[WhiteTeam "Mosty u Jablunkova"]
[BlackTeam "Trinec II"]
[WhiteTeamCountry "CZE"]
[BlackTeamCountry "CZE"]

1. d3 c5 2. Nd2 Nc6 3. g3 g6 4. c3 Bg7 5. Nh3 e5 6. e4 Nge7 7. f4 d6 8. Bg2 0-0 9. 0-0 h6 10. Nc4 Be6 11. Ne3 Qd7 12. Nf2 f5 13. Qe2 Rae8 14. Qc2 exf4 15. gxf4 d5 16. Re1 b6 17. Nf1 fxe4 18. dxe4 dxe4 19. Bxe4 Bf5 20. Bd2 Bxe4 21. Rxe4 Nf5 22. Rae1 Nh4 23. R1e3 Kh7 24. Bc1 Rxe4 25. Qxe4 Rf7 26. Rd3 Qc7 27. Rh3 Nf5 28. Qc2 Rd7 29. Ne4 Kh8 30. Qg2 Nce7 31. Ng5 Qc6 32. Qe2 Qd5 33. Ne4 Qd1 1/2-1/2

[Event "CZE-chT2F 1314"]
[Site "Czech Republic"]
[Date "2014.03.23"]
[Round "10.45"]
[White "Stukner, Simon"]
[Black "Kocian, Karel"]
[Result "1-0"]
[WhiteElo "2155"]
[BlackElo "2222"]
[PlyCount "61"]
[EventDate "2013.11.03"]
[EventType "team-tourn"]
[EventRounds "11"]
[EventCountry "CZE"]
[SourceTitle "EXT 2016"]
[Source "ChessBase"]
[SourceDate "2015.10.08"]
[SourceVersion "1"]
[SourceVersionDate "2015.10.08"]
[SourceQuality "1"]
[WhiteTeam "Dobra"]
[BlackTeam "Trinec II"]
[WhiteTeamCountry "CZE"]
[BlackTeamCountry "CZE"]

1. e4 c5 2. Nf3 e6 3. b4 b6 4. a3 Bb7 5. Bd3 Qc7 6. c3 Nf6 7. Qe2 d6 8. 0-0 Nbd7 9. Bc2 Rc8 10. d3 g6 11. Bb2 Bg7 12. Nbd2 0-0 13. Rac1 e5 14. Bb3 h6 15. d4 exd4 16. cxd4 Rce8 17. e5 dxe5 18. dxe5 Nd5 19. Rfe1 Nf4 20. Qc4 g5 21. e6 fxe6 22. Bxg7 Kxg7 23. Qc3+ e5 24. Nc4 Bxf3 25. Qxf3 Ne6 26. Qg3 Nd4 27. Ba2 Rf4 28. Bb1 Ref8 29. Qd3 e4 30. Rxe4 Rxf2 31. Rxd4 1-0

[Event "CZE-chT2F 1314"]
[Site "Czech Republic"]
[Date "2014.01.05"]
[Round "5.62"]
[White "Kocian, Karel"]
[Black "Muzik, Martin"]
[Result "1/2-1/2"]
[WhiteElo "2222"]
[BlackElo "2155"]
[PlyCount "36"]
[EventDate "2013.11.03"]
[EventType "team-tourn"]
[EventRounds "11"]
[EventCountry "CZE"]
[SourceTitle "EXT 2016"]
[Source "ChessBase"]
[SourceDate "2015.10.08"]
[SourceVersion "1"]
[SourceVersionDate "2015.10.08"]
[SourceQuality "1"]
[WhiteTeam "Trinec II"]
[BlackTeam "Opava KVS"]
[WhiteTeamCountry "CZE"]
[BlackTeamCountry "CZE"]

1. Nf3 d5 2. c4 c6 3. b3 Nf6 4. Bb2 e6 5. g3 Nbd7 6. Bg2 Bd6 7. 0-0 e5 8. cxd5 cxd5 9. Nc3 0-0 10. Nb5 Bb8 11. Ba3 Re8 12. Nd6 Bxd6 13. Bxd6 e4 14. Ne1 Qb6 15. Ba3 Ne5 16. d4 exd3 17. exd3 Bg4 18. Qd2 h5 1/2-1/2

[Event "CZE-chT2F 1213"]
[Site "Czech Republic"]
[Date "2013.02.03"]
[Round "8.25"]
[White "Kocian, Karel"]
[Black "Navratilik, Pavel"]
[Result "1/2-1/2"]
[WhiteElo "2215"]
[BlackElo "2106"]
[PlyCount "74"]
[EventDate "2012.10.14"]
[EventType "team-tourn"]
[EventRounds "11"]
[EventCountry "CZE"]
[SourceTitle "EXT 2016"]
[Source "ChessBase"]
[SourceDate "2015.10.08"]
[SourceVersion "1"]
[SourceVersionDate "2015.10.08"]
[SourceQuality "1"]
[WhiteTeam "Trinec II"]
[BlackTeam "Postoupky"]
[WhiteTeamCountry "CZE"]
[BlackTeamCountry "CZE"]

1. e4 d6 2. d4 g6 3. Nc3 Bg7 4. Bc4 Nf6 5. Qe2 c6 6. e5 dxe5 7. dxe5 Nd5 8. Bd2 0-0 9. f4 Nxc3 10. Bxc3 b5 11. Bd3 Na6 12. Be4 Qc7 13. Nf3 Nc5 14. 0-0 Nxe4 15. Qxe4 Bf5 16. Qe2 b4 17. Bd4 c5 18. Be3 Qc6 19. Rac1 Rac8 20. c4 f6 21. h3 Qe4 22. exf6 Bxf6 23. Qf2 Bxb2 24. Ng5 Qxe3 25. Qxe3 Bd4 26. Rfe1 Bxe3+ 27. Rxe3 h6 28. Nf3 Rc7 29. Rce1 Kf7 30. g4 Bc8 31. Kf2 Bb7 32. Ne5+ Kf6 33. Nd3 Rd8 34. Kg3 Rd4 35. Ne5 Ba6 36. g5+ hxg5 37. fxg5+ Kg7 1/2-1/2

[Event "CZE-chT2F 1112"]
[Site "Czech Republic"]
[Date "2012.01.22"]
[Round "6.22"]
[White "Jasny, Stanislav"]
[Black "Kocian, Karel"]
[Result "1-0"]
[WhiteElo "2327"]
[BlackElo "2244"]
[PlyCount "153"]
[EventDate "2011.10.09"]
[EventType "team-tourn"]
[EventRounds "11"]
[EventCountry "CZE"]
[SourceTitle "EXT 2013"]
[Source "ChessBase"]
[SourceDate "2012.11.22"]
[SourceVersion "1"]
[SourceVersionDate "2012.11.22"]
[SourceQuality "1"]
[WhiteTeam "Frydek Mistek II"]
[BlackTeam "Koprivnice Tatra"]
[WhiteTeamCountry "CZE"]
[BlackTeamCountry "CZE"]

1. e4 c5 2. Nf3 d6 3. d4 cxd4 4. Nxd4 Nf6 5. Nc3 a6 6. Be2 e5 7. Nb3 Be7 8. 0-0 0-0 9. Kh1 b6 10. Be3 Bb7 11. f3 Nbd7 12. a4 Qc7 13. Qd2 Rfd8 14. Rfd1 h6 15. Qe1 Bf8 16. Rd2 Rdc8 17. Rad1 Bc6 18. Qf1 Qb7 19. Nc1 Rcb8 20. N1a2 b5 21. axb5 Bxb5 22. Bxb5 axb5 23. Nb4 Ra5 24. Ncd5 Rc8 25. c3 Ra4 26. g3 Rca8 27. Qh3 Ra1 28. Qf5 Nxd5 29. Nxd5 Rxd1+ 30. Rxd1 Ra2 31. Rd2 Qc6 32. Kg2 Ra1 33. Rf2 Nc5 34. Bxc5 Qxc5 35. f4 exf4 36. Rxf4 Ra7 37. Rg4 Kh8 38. Kh3 Rb7 39. Rh4 g6 40. Qf6+ Kg8 41. Qd8 Qf2 42. Rf4 Qe2 43. Nf6+ Kg7 44. Nd7 Rxd7 45. Qxd7 Qh5+ 46. Kg2 Qe2+ 47. Rf2 Qxe4+ 48. Kh3 Be7 49. Qg4 Qb7 50. Qf3 Qd7+ 51. Kg2 Bd8 52. Qd5 h5 53. h3 Kg8 54. Rd2 Be7 55. b3 Kg7 56. c4 bxc4 57. Qxc4 Qb7+ 58. Qd5 Qb8 59. Rf2 f5 60. Rd2 h4 61. g4 fxg4 62. hxg4 Bf6 63. g5 Be5 64. Rf2 Qe8 65. Qb7+ Kg8 66. Rc2 h3+ 67. Kh1 Bf6 68. Qd5+ Kh8 69. gxf6 Qe1+ 70. Kh2 Qf1 71. Rc8+ Kh7 72. Qf7+ Kh6 73. Rh8+ Kg5 74. Qd5+ Kg4 75. Qe4+ Kg5 76. Qh4+ Kf5 77. Qxh3+ 1-0

[Event "CZE-chT2F 1112"]
[Site "Czech Republic"]
[Date "2011.10.09"]
[Round "1.2"]
[White "Kocian, Karel"]
[Black "Rakus, Pavel"]
[Result "0-1"]
[WhiteElo "2244"]
[BlackElo "2141"]
[PlyCount "88"]
[EventDate "2011.10.09"]
[EventType "team-tourn"]
[EventRounds "11"]
[EventCountry "CZE"]
[SourceTitle "EXT 2013"]
[Source "ChessBase"]
[SourceDate "2012.11.22"]
[SourceVersion "1"]
[SourceVersionDate "2012.11.22"]
[SourceQuality "1"]
[WhiteTeam "Koprivnice Tatra"]
[BlackTeam "Dolni Benesov"]
[WhiteTeamCountry "CZE"]
[BlackTeamCountry "CZE"]

1. Nf3 Nf6 2. g3 d5 3. Bg2 Bf5 4. 0-0 e6 5. b3 Be7 6. Bb2 0-0 7. d3 c5 8. Nbd2 Nc6 9. h3 h6 10. a3 Qc7 11. c4 d4 12. b4 e5 13. bxc5 Bxc5 14. Nb3 b6 15. Nfd2 Rab8 16. Kh2 Bh7 17. a4 a5 18. Ba3 Nb4 19. Rb1 Nxd3 20. Nxc5 Nxc5 21. Rb5 Rfd8 22. Bxc5 bxc5 23. Qb3 Bf5 24. Qa3 d3 25. e3 Rbc8 26. Rfb1 e4 27. Qc3 h5 28. Rb7 Qd6 29. R1b6 Rc6 30. Rb5 h4 31. Qxa5 hxg3+ 32. fxg3 Nh5 33. R5b6 Rxb6 34. Qxb6 Qxg3+ 35. Kh1 Rc8 36. Nf1 Qe1 37. Rb8 Rxb8 38. Qxb8+ Kh7 39. Qe5 Bg6 40. Kh2 d2 41. Nxd2 Qxd2 42. Qxc5 Nf4 43. exf4 e3 44. Qd5 Qxd5 0-1

[Event "CZE-chT1E 1011"]
[Site "Czech Republic"]
[Date "2011.03.20"]
[Round "10"]
[White "Kocian, Karel"]
[Black "Brecka, Ivan"]
[Result "1/2-1/2"]
[WhiteElo "2217"]
[BlackElo "2357"]
[PlyCount "50"]
[EventDate "2010.10.10"]
[EventType "team-tourn"]
[EventRounds "11"]
[EventCountry "CZE"]
[SourceTitle "EXT 2012"]
[Source "ChessBase"]
[SourceDate "2011.11.24"]
[SourceVersion "1"]
[SourceVersionDate "2011.11.24"]
[SourceQuality "1"]
[WhiteTeam "Trinec II"]
[BlackTeam "Ostrava Mittal"]
[WhiteTeamCountry "CZE"]
[BlackTeamCountry "CZE"]

1. Nf3 Nf6 2. g3 d5 3. Bg2 Bg4 4. d3 Nbd7 5. Nbd2 e5 6. e4 dxe4 7. dxe4 Bc5 8. 0-0 0-0 9. h3 Bh5 10. Qe1 c6 11. Nb3 Bb6 12. Bd2 a5 13. a4 Qc7 14. Bc3 Rfe8 15. Nfd2 Nc5 16. Nxc5 Bxc5 17. Bf3 Bxf3 18. Nxf3 Bd4 19. Qe2 Bxc3 20. bxc3 b5 21. Rfb1 bxa4 22. Rxa4 Nd7 23. Nd2 Nb6 24. Ra2 Reb8 25. Rba1 Nd7 1/2-1/2

[Event "CZE-chT1E 0910"]
[Site "Czech Republic"]
[Date "2010.02.21"]
[Round "9.6"]
[White "Kocian, Karel"]
[Black "Kuchynka, Lukas"]
[Result "1/2-1/2"]
[WhiteElo "2207"]
[BlackElo "2317"]
[PlyCount "132"]
[EventDate "2009.11.15"]
[EventType "team-tourn"]
[EventRounds "11"]
[EventCountry "CZE"]
[SourceTitle "EXT 2011"]
[Source "ChessBase"]
[SourceDate "2010.11.26"]
[SourceVersion "1"]
[SourceVersionDate "2010.11.26"]
[SourceQuality "1"]
[WhiteTeam "Trinec"]
[BlackTeam "Litovel"]
[WhiteTeamCountry "CZE"]
[BlackTeamCountry "CZE"]

1. e4 b6 2. d4 Bb7 3. Bd3 Nf6 4. Qe2 Nc6 5. c3 e5 6. d5 Ne7 7. Nf3 Ng6 8. 0-0 Bc5 9. a4 a5 10. Na3 0-0 11. Nc4 Re8 12. g3 Bxd5 13. exd5 e4 14. Bc2 exf3 15. Qxf3 h6 16. Bd2 c6 17. Bxg6 fxg6 18. dxc6 d5 19. Ne3 Rc8 20. Rad1 Rxc6 21. Bc1 Rd6 22. Nc2 Ne4 23. Be3 Qd7 24. Bxc5 Nxc5 25. b4 Nxa4 26. Rd3 Nb2 27. Rd4 Nc4 28. bxa5 bxa5 29. Ra1 Rf8 30. Qd1 g5 31. Ne3 Nxe3 32. fxe3 Rdf6 33. Rd2 Qh3 34. Qe2 Rf5 35. Qg2 Qxg2+ 36. Kxg2 Rc8 37. Rxa5 Rxc3 38. Raxd5 Rxd5 39. Rxd5 Rxe3 40. Rd2 Kf7 41. Kf2 Re5 42. Rd7+ Kf6 43. Rd6+ Re6 44. Rd7 g4 45. Rb7 h5 46. Rb5 g6 47. Ra5 Re5 48. Ra6+ Kg5 49. Rb6 Rc5 50. Rb2 h4 51. gxh4+ Kxh4 52. Rb3 Rc2+ 53. Kg1 Re2 54. Rg3 Kg5 55. Rb3 Kf4 56. Rb6 Kg5 57. Rb5+ Kh4 58. Rb3 Re4 59. Kg2 Rf4 60. Ra3 Re4 61. Rb3 Kg5 62. Rb6 Re2+ 63. Kg3 Re3+ 64. Kg2 Rf3 65. Ra6 Rf6 66. Ra4 Re6 1/2-1/2

[Event "CZE-chT1E 0910"]
[Site "Czech Republic"]
[Date "2009.11.15"]
[Round "1.7"]
[White "Kocian, Karel"]
[Black "Sojka, Ales"]
[Result "1/2-1/2"]
[WhiteElo "2207"]
[BlackElo "2179"]
[PlyCount "137"]
[EventDate "2009.11.15"]
[EventType "team-tourn"]
[EventRounds "11"]
[EventCountry "CZE"]
[SourceTitle "EXT 2011"]
[Source "ChessBase"]
[SourceDate "2010.11.26"]
[SourceVersion "1"]
[SourceVersionDate "2010.11.26"]
[SourceQuality "1"]
[WhiteTeam "Trinec"]
[BlackTeam "Kromeriz"]
[WhiteTeamCountry "CZE"]
[BlackTeamCountry "CZE"]

1. Nf3 d5 2. g3 c5 3. c4 d4 4. b4 cxb4 5. a3 bxa3 6. Bxa3 Nc6 7. Bg2 e5 8. Bxf8 Kxf8 9. d3 g6 10. 0-0 Nge7 11. Nbd2 Qc7 12. Qb3 Kg7 13. Rfb1 Rb8 14. Qa3 Rd8 15. h3 h6 16. Ne1 Be6 17. Nc2 b6 18. Rb5 a5 19. Kh2 Rdc8 20. Rb2 h5 21. Ne4 Nf5 22. h4 Rd8 23. Rab1 Nh6 24. Ng5 Ne7 25. Rb5 Ng4+ 26. Kg1 Nf5 27. Ne4 Bd7 28. R5b2 Bc6 29. Ne1 Re8 30. Rb3 Rb7 31. Ra1 Ra7 32. Qb2 Rb8 33. Ng5 Bxg2 34. Nxg2 Nf6 35. Rb1 a4 36. Ra3 Qc6 37. Qb5 Qxb5 38. Rxb5 Ra5 39. Rb4 b5 40. Ne1 Ne7 41. cxb5 Rbxb5 42. Rxb5 Rxb5 43. Rxa4 Rb1 44. Kf1 Nfd5 45. Ra7 Rc1 46. Ngf3 f6 47. Ra2 Nb4 48. Rb2 Ned5 49. Nd2 Kf7 50. Rb1 Rc3 51. Ne4 Ra3 52. Nf3 Ke6 53. Ned2 Ra4 54. Ne4 Ra2 55. Ng1 f5 56. Ng5+ Kf6 57. N1f3 Ra4 58. Rb2 Nc3 59. Kg2 Nbd5 60. Nh3 e4 61. Nfg5 e3 62. f4 Ra1 63. Ng1 Rd1 64. Rb7 Ne7 65. Rb6+ Kg7 66. Ne6+ Kf7 67. Nxd4 Ned5 68. Rb7+ Ke8 69. Ndf3 1/2-1/2